Vnútroodvetvový obchod Brazílie

Vývoj vnútroodvetvového obchodu Brazílie za posledných 20 rokov. Predpoklad, že so zvyšovaním príjmu per capita sa zvyšuje aj miera vnútroodvetvového obchodu, sa v prípade Brazílie nepotvrdil. Prostredníctvom Grubel- Lloydovho indexu, ktorý odhalil, že brazílsky celkový obchod, obchod s poľnohospodá...

Descrizione completa

Salvato in:
Dettagli Bibliografici
Autore principale: Janubová, Barbora, 1991-
Natura: Capitolo di libro
Lingua:slovacco
Soggetti:
Tags: Aggiungi Tag
Nessun Tag, puoi essere il primo ad aggiungerne!!

MARC

LEADER 00000naa$a2200000$$$4500
001 0281436
005 20240502074400.4
041 0 |a slo 
044 |a SK 
245 1 0 |a Vnútroodvetvový obchod Brazílie  |c Barbora Janubová 
520 |a Vývoj vnútroodvetvového obchodu Brazílie za posledných 20 rokov. Predpoklad, že so zvyšovaním príjmu per capita sa zvyšuje aj miera vnútroodvetvového obchodu, sa v prípade Brazílie nepotvrdil. Prostredníctvom Grubel- Lloydovho indexu, ktorý odhalil, že brazílsky celkový obchod, obchod s poľnohospodárskymi aj industriálnymi produktami sa dá označiť ako slabý medziodvetvový obchod. 
610 2 0 |a Brazília 
610 2 0 |a obchod vnútorný 
610 2 0 |a odvetvia výrobné 
610 2 0 |a priemysel 
610 2 0 |a poľnohospodárstvo 
100 1 |a Janubová, Barbora, 1991-